Competitividad de la Agricultura en América Latina y el Caribe: matriz de análisis de política, ejercicios de cómputo
El presente manual es resultado de diversos insumos y experiencias en la aplicación de la metodología Matriz de Análisis de Política (MAP) en los últimos 15 años
שמור ב:
| מחבר ראשי: | |
|---|---|
| מחבר תאגידי: | |
| פורמט: | Texto |
| יצא לאור: |
Santiago:
Oficina Regional de la FAO para América Latina y El Caribe
|
| נושאים: | |
| תגים: |
הוספת תג
אין תגיות, היה/י הראשונ/ה לתייג את הרשומה!
|
MARC
| LEADER | 00000 a a2200000 04500 | ||
|---|---|---|---|
| 001 | 37359 | ||
| 003 | |||
| 040 | |||
| 020 | |a 978-92-5-305752-8 | ||
| 022 | |a 978-92-5-305752-8 | ||
| 090 | |a 0001 S161c | ||
| 100 | |a Salcedo Baca, Salomón | ||
| 110 | |a Organización de las Naciones Unidas para la Agricultura y la Alimentación | ||
| 245 | |a Competitividad de la Agricultura en América Latina y el Caribe: matriz de análisis de política, ejercicios de cómputo | ||
| 260 | |a Santiago: |b Oficina Regional de la FAO para América Latina y El Caribe | ||
| 300 | |a 99 p. | ||
| 520 | |a El presente manual es resultado de diversos insumos y experiencias en la aplicación de la metodología Matriz de Análisis de Política (MAP) en los últimos 15 años | ||
| 650 | |a AGRICULTURA | ||
| 650 | |a AMERICA LATINA | ||
| 999 | |c 15771 |d 15771 | ||



